Text Book of Pharmaceutical Analysis Sem-1 (Record no. 8935)

MARC details
000 -LEADER
fixed length control field 00477nam a22001817a 4500
003 - CONTROL NUMBER IDENTIFIER
control field OSt
008 - FIXED-LENGTH DATA ELEMENTS--GENERAL INFORMATION
fixed length control field 200714b ||||| |||| 00| 0 eng d
020 ## - INTERNATIONAL STANDARD BOOK NUMBER
International Standard Book Number 9788193891209
082 ## - DEWEY DECIMAL CLASSIFICATION NUMBER
Classification number 615.1901 CHT
100 ## - MAIN ENTRY--PERSONAL NAME
Personal name Chaluvaraju, K.C
245 ## - TITLE STATEMENT
Title Text Book of Pharmaceutical Analysis Sem-1
250 ## - EDITION STATEMENT
Edition statement 1st
260 ## - PUBLICATION, DISTRIBUTION, ETC. (IMPRINT)
Place of publication, distribution, etc New Delhi
Name of publisher, distributor, etc Paging Publishers
Date of publication, distribution, etc 2018
300 ## - PHYSICAL DESCRIPTION
Extent 214
650 ## - SUBJECT ADDED ENTRY--TOPICAL TERM
Topical term or geographic name as entry element Pharmaceutical Analysis and Quality Assurance
700 ## - ADDED ENTRY--PERSONAL NAME
Personal name Zaranappa
942 ## - ADDED ENTRY ELEMENTS (KOHA)
Source of classification or shelving scheme Dewey Decimal Classification
Koha item type Text Books
Holdings
Withdrawn status Lost status Source of classification or shelving scheme Damaged status Not for loan Collection code Home library Current library Date acquired Source of acquisition Currency Cost, normal purchase price Bill Number Total Checkouts Full call number Acc. no. / Barcode Date last seen Date last borrowed Actual Cost, discounted price Bill Date Koha item type
    Dewey Decimal Classification     B.Pharma PIET C-LIBRARY PIET C-LIBRARY 13/02/2020 Kirti Prakashan Indian Rup 425.00 IN6397 14 615.1901 CHT BP1383 24/04/2025 11/04/2025 297.50 13/02/2020 Reference Books
    Dewey Decimal Classification     B.Pharma PIET C-LIBRARY PIET C-LIBRARY 13/02/2020 Kirti Prakashan Indian Rup 425.00 IN6397 16 615.1901 CHT BP1384 10/03/2026 06/03/2026 297.50 13/02/2020 Text Books
    Dewey Decimal Classification     B.Pharma PIET C-LIBRARY PIET C-LIBRARY 13/02/2020 Kirti Prakashan Indian Rup 425.00 IN6397 14 615.1901 CHT BP1385 03/10/2023 20/09/2023 297.50 13/02/2020 Text Books
    Dewey Decimal Classification     B.Pharma PIET C-LIBRARY PIET C-LIBRARY 13/02/2020 Kirti Prakashan Indian Rup 425.00 IN6397 14 615.1901 CHT BP1386 17/02/2025 06/02/2025 297.50 13/02/2020 Text Books
    Dewey Decimal Classification     B.Pharma PIET C-LIBRARY PIET C-LIBRARY 13/02/2020 Kirti Prakashan Indian Rup 425.00 IN6397 12 615.1901 CHT BP1387 13/01/2025 26/12/2024 297.50 13/02/2020 Text Books

Design & Developed by: PIET Central Library
R70 Miles Stone Pattikalyana Samalkha Panipat 132102
mail ID :- [email protected], Phone No:- 0180-2569700 Ex.216